[Event "Konik Morski Rewala OPEN A"]
[Site "Rewal"]
[Date "2007.08.21"]
[Round "1.27"]
[White "Swiercz, Dariusz"]
[Black "Janczarski, Michal"]
[Result "1-0"]
[WhiteElo "2281"]
[BlackElo "2088"]
[PlyCount "160"]
[EventDate "2007.??.??"]

1. d4 d5 2. c4 e6 3. Nf3 c6 4. Nc3 dxc4 5. e3 b5 6. a4 Bb4 7. Bd2 a5 8. axb5
Bxc3 9. Bxc3 cxb5 10. b3 Bb7 11. bxc4 b4 12. Bb2 Nf6 13. Bd3 Nbd7 14. O-O Qc7
15. Qc2 O-O 16. c5 Qc6 17. Ra4 Rfc8 18. Rfa1 Qc7 19. Bb5 Be4 20. Qe2 Nb8 21.
Ne5 Bd5 22. Nc4 Bxc4 23. Bxc4 Nc6 24. Bb5 e5 25. Bxc6 Qxc6 26. Rxa5 Rxa5 27.
Rxa5 exd4 28. Bxd4 Qe4 29. Ra1 b3 30. Qb2 Rb8 31. Rc1 Qd3 32. c6 Rc8 33. h3 Ne8
34. Rc3 Qe4 35. f3 Qe6 36. Qxb3 Rxc6 37. Qxe6 Rxe6 38. g4 f6 39. Kf2 Kf7 40.
Kg3 Re7 41. h4 Nc7 42. Rb3 Ne6 43. Bb2 Nc5 44. Rb5 Ne6 45. g5 fxg5 46. hxg5 Rd7
47. e4 Kg6 48. Rb6 Kf7 49. Rb5 Kg6 50. f4 Kf7 51. Be5 g6 52. Rb8 Nc5 53. Rb4
Nd3 54. Rb5 Nxe5 55. Rxe5 Rd3+ 56. Kg4 Re3 57. Kh4 Re1 58. Kg3 Re3+ 59. Kg4 Re1
60. Kf3 Ra1 61. Rb5 Ra3+ 62. Ke2 Ra2+ 63. Ke3 Ra3+ 64. Kd4 Ra4+ 65. Ke5 Ra7 66.
Rb6 Re7+ 67. Kd5 Rd7+ 68. Rd6 Ra7 69. Rf6+ Ke7 70. Rc6 Rd7+ 71. Ke5 Ra7 72. f5
gxf5 73. Kxf5 Kf7 74. e5 Ke7 75. Rb6 Kf7 76. Rh6 Kf8 77. Kf6 Rf7+ 78. Ke6 Ra7
79. Rf6+ Ke8 80. Kf5 Ke7 1-0

[Event "Konik Morski Rewala OPEN A"]
[Site "Rewal"]
[Date "2007.08.21"]
[Round "1.28"]
[White "Marta, Daniele"]
[Black "Toma, Katarzyna"]
[Result "0-1"]
[WhiteElo "2079"]
[BlackElo "2275"]
[PlyCount "84"]
[EventDate "2007.??.??"]

1. d4 Nf6 2. c4 g6 3. Nc3 d5 4. cxd5 Nxd5 5. e4 Nxc3 6. bxc3 Bg7 7. Bc4 c5 8.
Ne2 Nc6 9. Be3 O-O 10. O-O Qc7 11. Rc1 Rd8 12. Bf4 e5 13. Bg3 Qd7 14. d5 Na5
15. Bd3 c4 16. Bc2 b6 17. Rb1 Qe7 18. f3 Nb7 19. Qc1 Bd7 20. Bf2 Be8 21. Rd1
Bf8 22. Ng3 Qc7 23. Nf1 Nd6 24. Qg5 Bg7 25. Ne3 f6 26. Qg3 Nb5 27. Be1 Bf8 28.
Rb2 Bc5 29. Qf2 Na3 30. g4 Nxc2 31. Rxc2 Ba4 32. Rcd2 Bxd1 33. Rxd1 b5 34. Kg2
Qa5 35. Ra1 Qa3 36. Kg3 b4 37. Qe2 Bxe3 38. Qxe3 b3 39. Qd2 Rab8 40. d6 Rxd6
41. axb3 Rxd2 42. Rxa3 Rd1 0-1

[Event "Konik Morski Rewala OPEN A"]
[Site "Rewal"]
[Date "2007.08.21"]
[Round "1.29"]
[White "Bronowicki, Mateusz"]
[Black "Gosciniak, Maria"]
[Result "1-0"]
[WhiteElo "2274"]
[BlackElo "2076"]
[PlyCount "61"]
[EventDate "2007.??.??"]

1. d4 d6 2. e4 g6 3. Nf3 Bg7 4. Bc4 Nf6 5. Qe2 O-O 6. e5 dxe5 7. dxe5 Nd5 8. h3
c6 9. O-O e6 10. Bb3 Qc7 11. c4 Ne7 12. Bg5 c5 13. Nc3 Nec6 14. Nb5 Qb6 15.
Rfd1 Nd7 16. Bf4 a6 17. Nd6 Qc7 18. Rd2 Nb6 19. Rad1 Na5 20. Bc2 Bd7 21. b3 Bc6
22. Nh2 Nd7 23. Ng4 b6 24. Nh6+ Bxh6 25. Bxh6 Rfd8 26. Qe3 Nb7 27. Nxb7 Qxb7
28. Qf4 f5 29. exf6 e5 30. f7+ Kh8 31. Qxe5+ 1-0

[Event "Konik Morski Rewala OPEN A"]
[Site "Rewal"]
[Date "2007.08.21"]
[Round "1.30"]
[White "Morozova, Julia"]
[Black "Panocki, Adrian"]
[Result "0-1"]
[WhiteElo "2073"]
[BlackElo "2273"]
[PlyCount "52"]
[EventDate "2007.??.??"]

1. d4 Nf6 2. Nf3 g6 3. Nc3 Bg7 4. e4 d6 5. h3 O-O 6. Be3 c6 7. a4 Nbd7 8. Qd2
e5 9. dxe5 dxe5 10. Rd1 Qa5 11. Be2 Qb4 12. O-O Qxb2 13. Nxe5 Nxe5 14. Bc5 Ned7
15. Bxf8 Bxf8 16. Rb1 Qa3 17. Rb3 Qe7 18. f3 Qe5 19. Bd3 Nc5 20. Rbb1 Bd6 21.
g4 Ne6 22. Rfd1 Ng5 23. Rf1 Qg3+ 24. Qg2 Nxh3+ 25. Kh1 Qh4 26. f4 Nxg4 0-1

[Event "Konik Morski Rewala OPEN A"]
[Site "Rewal"]
[Date "2007.08.21"]
[Round "1.31"]
[White "Kalvaitis, Sigitas"]
[Black "Czartoryski, Pawel"]
[Result "1-0"]
[WhiteElo "2267"]
[BlackElo "2066"]
[PlyCount "47"]
[EventDate "2007.??.??"]

1. e4 c5 2. Nf3 d6 3. Bb5+ Bd7 4. Bxd7+ Nxd7 5. O-O g6 6. c3 Bg7 7. Qe2 e6 8.
d4 Ne7 9. Bf4 Qb6 10. Na3 e5 11. dxe5 dxe5 12. Bg5 f6 13. Bh4 O-O 14. Rad1 Rad8
15. Rd2 Qe6 16. Rfd1 Nc8 17. Qc4 Qxc4 18. Nxc4 b5 19. Ncxe5 fxe5 20. Bxd8 Rxd8
21. Rxd7 Rxd7 22. Rxd7 Nb6 23. Rxa7 Na4 24. Ra8+ 1-0

[Event "Konik Morski Rewala OPEN A"]
[Site "Rewal"]
[Date "2007.08.21"]
[Round "1.32"]
[White "Dinckel, Joerg"]
[Black "Galazewski, Tomasz"]
[Result "0-1"]
[WhiteElo "2066"]
[BlackElo "2259"]
[PlyCount "70"]
[EventDate "2007.??.??"]

1. d4 Nf6 2. c4 g6 3. Nc3 Bg7 4. e4 d6 5. Be2 O-O 6. Nf3 e5 7. d5 a5 8. Bg5 Na6
9. O-O Nc5 10. Nd2 Bd7 11. f3 Qe8 12. b3 Nh5 13. a3 f5 14. b4 axb4 15. axb4 Na6
16. Qb3 Nf4 17. Rfe1 h6 18. Bh4 g5 19. Bg3 g4 20. exf5 gxf3 21. Bxf4 f2+ 22.
Kxf2 exf4 23. Bf3 Bd4+ 24. Kf1 Qf7 25. Ra2 Bxf5 26. Nce4 Rae8 27. Qd3 Qg7 28.
Qb3 Re5 29. b5 Nc5 30. Nxc5 Rxe1+ 31. Kxe1 Bxc5 32. Ne4 Re8 33. Re2 Be3 34. Nf2
Qd4 35. Qb2 Bxf2+ 0-1

[Event "Konik Morski Rewala OPEN A"]
[Site "Rewal"]
[Date "2007.08.21"]
[Round "1.33"]
[White "Kukawski, Maciej"]
[Black "Warchalowski, Daniel"]
[Result "1-0"]
[WhiteElo "2251"]
[BlackElo "2061"]
[PlyCount "61"]
[EventDate "2007.??.??"]

1. e4 e5 2. Nf3 Nc6 3. Bb5 Nf6 4. O-O Nxe4 5. d4 Be7 6. Re1 Nd6 7. dxe5 Nxb5 8.
a4 Nbd4 9. Nxd4 Nxd4 10. Qxd4 O-O 11. Bf4 a5 12. Nc3 Bb4 13. Re3 Ra6 14. Nd5
Be7 15. Rd1 Rc6 16. Rf3 Bc5 17. Qd2 Rg6 18. Bg5 Qe8 19. Re1 Qe6 20. Nf4 Qb6 21.
Nxg6 fxg6 22. Be3 Bxe3 23. Rfxe3 Qxb2 24. Rb3 Qa2 25. Qd5+ Kh8 26. Qc4 d6 27.
e6 Re8 28. h3 c6 29. Qf4 Qxc2 30. Qf7 Rg8 31. e7 1-0

[Event "Konik Morski Rewala OPEN A"]
[Site "Rewal"]
[Date "2007.08.21"]
[Round "1.34"]
[White "Pieczonka, Marcin"]
[Black "Szymanski, Andrzej"]
[Result "1/2-1/2"]
[WhiteElo "2055"]
[BlackElo "2251"]
[PlyCount "90"]
[EventDate "2007.??.??"]

1. Nf3 Nf6 2. d4 e6 3. Bg5 Be7 4. e3 b6 5. Bd3 Bb7 6. O-O d6 7. c4 Nbd7 8. Nbd2
c5 9. Qe2 O-O 10. Rad1 Re8 11. Bb1 Qc7 12. e4 cxd4 13. Nxd4 a6 14. f4 Rac8 15.
Kh1 Qc5 16. N4b3 Qc7 17. Nd4 Bf8 18. h3 g6 19. Qf2 Bg7 20. Rfe1 e5 21. Ne2 h6
22. Bxf6 Nxf6 23. fxe5 dxe5 24. Nc3 Qc5 25. Qxc5 Rxc5 26. Nd5 Rc6 27. b3 Bf8
28. Nf1 Nh5 29. g3 Bc5 30. Kg2 Kf8 31. Nfe3 Rd8 32. Ng4 Bd4 33. Nxh6 Kg7 34.
Ng4 b5 35. Rc1 bxc4 36. Rxc4 Rxc4 37. bxc4 Rc8 38. Bd3 Bxd5 39. exd5 f6 40. Rb1
Rc7 41. Nh2 e4 42. Bxe4 Rxc4 43. Rb7+ Kh6 44. d6 Bc5 45. d7 Be7 1/2-1/2

[Event "Konik Morski Rewala OPEN A"]
[Site "Rewal"]
[Date "2007.08.21"]
[Round "1.35"]
[White "Taddei, Benoit"]
[Black "Baumann, Dariusz"]
[Result "1-0"]
[WhiteElo "2247"]
[BlackElo "2050"]
[PlyCount "83"]
[EventDate "2007.??.??"]

1. e4 c5 2. Nf3 Nc6 3. d4 cxd4 4. Nxd4 Nf6 5. Nc3 e5 6. Nde2 Bc5 7. Ng3 O-O 8.
Be2 a6 9. O-O h6 10. Nh5 Nxh5 11. Bxh5 d6 12. Nd5 Qh4 13. Bf3 f5 14. g3 Qd8 15.
c3 f4 16. b4 Ba7 17. Bg2 fxg3 18. hxg3 Ne7 19. Be3 Be6 20. Bxa7 Rxa7 21. Ne3
Qd7 22. Qd2 Raa8 23. Rad1 Rad8 24. f4 Qb5 25. f5 Bc4 26. Rf2 Kh7 27. g4 Ng8 28.
g5 hxg5 29. Ng4 Nf6 30. Qxg5 Nxg4 31. Qxg4 Rf6 32. Bf1 Rh6 33. Bxc4 Qxc4 34.
Rg2 Rg8 35. Qf3 Qf7 36. Rdd2 Rh8 37. Kf2 Qf6 38. Qg4 Kg8 39. Rxd6 Qh4+ 40. Qxh4
Rxh4 41. f6 R8h6 42. Rxg7+ 1-0

[Event "Konik Morski Rewala OPEN A"]
[Site "Rewal"]
[Date "2007.08.21"]
[Round "1.36"]
[White "Malczyk, Jakub"]
[Black "Smirnov, Aleksander"]
[Result "0-1"]
[WhiteElo "2050"]
[BlackElo "2247"]
[PlyCount "72"]
[EventDate "2007.??.??"]

1. d4 d5 2. Nf3 Nf6 3. Bf4 e6 4. e3 c5 5. c3 Nc6 6. Bd3 Be7 7. Nbd2 a6 8. h3 b5
9. b3 Bb7 10. O-O Rc8 11. Ne5 O-O 12. Nxc6 Rxc6 13. a4 b4 14. c4 cxd4 15. exd4
dxc4 16. Nxc4 g6 17. Be3 Qd5 18. f3 Rc7 19. Qd2 Qd8 20. Rfe1 Nd5 21. Bf2 Bg5
22. Qb2 Nf4 23. Bf1 Bf6 24. Rad1 Nd5 25. Bg3 Rc6 26. Ne5 Rc3 27. Nc4 Nb6 28.
Nd6 Bd5 29. Rd3 Bh4 30. Bxh4 Qxh4 31. Ree3 Qf4 32. Ne4 Rxd3 33. Rxd3 Bxe4 34.
fxe4 Qxe4 35. a5 Nd5 36. Qf2 Nc3 0-1

[Event "Konik Morski Rewala OPEN A"]
[Site "Rewal"]
[Date "2007.08.21"]
[Round "1.37"]
[White "Chojnacki, Slawomir"]
[Black "Dragun, Kamil"]
[Result "1-0"]
[WhiteElo "2235"]
[BlackElo "2050"]
[PlyCount "91"]
[EventDate "2007.??.??"]

1. d4 Nf6 2. Nf3 g6 3. g3 Bg7 4. Bg2 O-O 5. O-O c5 6. b3 cxd4 7. Bb2 Nc6 8.
Nxd4 Nxd4 9. Bxd4 d6 10. c4 a6 11. Nc3 Rb8 12. Rc1 Bd7 13. e4 Bc6 14. Nd5 Bxd5
15. exd5 Nd7 16. Bxg7 Kxg7 17. Re1 b5 18. h4 bxc4 19. Rxc4 Ne5 20. Ra4 Qb6 21.
Qe2 a5 22. Kh1 h5 23. f4 Ng4 24. Bf3 Rbc8 25. Bxg4 hxg4 26. Qb2+ Kg8 27. f5 Qc5
28. Qd2 e6 29. Rxa5 Qc3 30. Qxc3 Rxc3 31. dxe6 fxe6 32. fxe6 Rxg3 33. e7 Re8
34. Ra4 Rf3 35. Rxg4 Kf7 36. Kg2 Rf6 37. Rge4 d5 38. Re5 d4 39. Rf1 d3 40. Re3
d2 41. Rxf6+ Kxf6 42. Rd3 Rxe7 43. Rxd2 Kf5 44. Kf3 Re5 45. b4 Rb5 46. Rd4 1-0

[Event "Konik Morski Rewala OPEN A"]
[Site "Rewal"]
[Date "2007.08.21"]
[Round "1.38"]
[White "Siwiec, Arkadiusz"]
[Black "Helstroffer, Arnaud"]
[Result "1/2-1/2"]
[WhiteElo "2048"]
[BlackElo "2234"]
[PlyCount "80"]
[EventDate "2007.??.??"]

1. e4 e6 2. d4 d5 3. Nc3 Nf6 4. e5 Nfd7 5. f4 c5 6. Nf3 Nc6 7. Be3 cxd4 8. Nxd4
Bc5 9. Qd2 O-O 10. O-O-O a6 11. h4 Nxd4 12. Bxd4 b5 13. Rh3 b4 14. Ne2 a5 15.
h5 Qc7 16. Rg3 Kh8 17. f5 Bxd4 18. Nxd4 Qxe5 19. Re3 Qf6 20. fxe6 fxe6 21. Nxe6
Rg8 22. Nc7 Rb8 23. Nxd5 Qg5 24. Ne7 Rf8 25. Re2 Qxd2+ 26. Rexd2 Nf6 27. Nxc8
Rbxc8 28. Be2 h6 29. Bf3 Rc5 30. Rd8 Kg8 31. g4 Kf7 32. Rxf8+ Kxf8 33. Kd2 Rg5
34. Ke3 Nxg4+ 35. Bxg4 Rxg4 36. Rd5 a4 37. Ra5 b3 38. cxb3 axb3 39. Kf3 Rd4 40.
Ke3 Rg4 1/2-1/2

[Event "Konik Morski Rewala OPEN A"]
[Site "Rewal"]
[Date "2007.08.21"]
[Round "1.39"]
[White "Stoma, Pawel"]
[Black "Raczynski, Marcin"]
[Result "1-0"]
[WhiteElo "2233"]
[BlackElo "2044"]
[PlyCount "65"]
[EventDate "2007.??.??"]

1. e4 c5 2. Nc3 Nc6 3. Nf3 g6 4. d4 cxd4 5. Nxd4 Bg7 6. Nde2 Nf6 7. g3 O-O 8.
Bg2 d6 9. O-O Bg4 10. h3 Bd7 11. a4 Qc8 12. Kh2 Nb4 13. Bg5 h6 14. Be3 Kh7 15.
f4 Ne8 16. Bd4 e5 17. Be3 f5 18. Qd2 a6 19. Rad1 Be6 20. a5 fxe4 21. fxe5 Rxf1
22. Rxf1 dxe5 23. Nxe4 Qxc2 24. Qxb4 Qxe2 25. Re1 Qc4 26. Qxb7 Rd8 27. Qe7 Qc8
28. Bb6 Rd3 29. Nc5 Rd6 30. Bb7 Rd2+ 31. Kg1 Qb8 32. Nxe6 e4 33. Nf4 1-0

[Event "Konik Morski Rewala OPEN A"]
[Site "Rewal"]
[Date "2007.08.21"]
[Round "1.40"]
[White "Czachor, Radoslaw"]
[Black "Wieclaw, Michal"]
[Result "0-1"]
[WhiteElo "2038"]
[BlackElo "2228"]
[PlyCount "64"]
[EventDate "2007.??.??"]

1. e4 e6 2. d4 d5 3. Nc3 Nf6 4. e5 Nfd7 5. f4 c5 6. Nf3 Nc6 7. Be3 a6 8. Qd2 b5
9. Ne2 Bb7 10. Ng3 cxd4 11. Nxd4 Nxd4 12. Bxd4 Bc5 13. c3 O-O 14. Bd3 Qb6 15.
Ne2 f6 16. Qc2 h6 17. exf6 Nxf6 18. Bxc5 Qxc5 19. Nd4 Rae8 20. Bg6 Re7 21. O-O
Ne4 22. Kh1 Rf6 23. Bh5 Qd6 24. g3 b4 25. Bf3 bxc3 26. bxc3 Rc7 27. Ne2 e5 28.
Rad1 Qc5 29. fxe5 Nf2+ 30. Rxf2 Qxf2 31. Bxd5+ Bxd5+ 32. Rxd5 Qf3+ 0-1

[Event "Konik Morski Rewala OPEN A"]
[Site "Rewal"]
[Date "2007.08.21"]
[Round "1.41"]
[White "Wojciechowski, Piotr"]
[Black "Szudra, Heinz-werner"]
[Result "1-0"]
[WhiteElo "2228"]
[BlackElo "2029"]
[PlyCount "145"]
[EventDate "2007.??.??"]

1. e4 e6 2. d4 d5 3. Nd2 c5 4. exd5 Qxd5 5. Ngf3 cxd4 6. Bc4 Qd6 7. O-O Nf6 8.
Nb3 Nc6 9. Nbxd4 Nxd4 10. Nxd4 a6 11. c3 Qc7 12. Bb3 Bd6 13. h3 Bd7 14. Qf3
O-O-O 15. Bg5 Be5 16. Bh4 h6 17. Rfe1 Bf4 18. Bg3 g5 19. Qe2 Rhe8 20. Bxf4 Qxf4
21. Rad1 g4 22. Qc4+ Qc7 23. Qxc7+ Kxc7 24. hxg4 Nxg4 25. f3 Nf6 26. Kf2 Bc6
27. Re5 Bd5 28. Bxd5 Rxd5 29. Rxd5 exd5 30. Rh1 h5 31. Rh4 Rg8 32. Rf4 Rg6 33.
a4 Kd6 34. g3 Ke7 35. Nf5+ Ke6 36. Nh4 Rg5 37. Rb4 Nd7 38. Rxb7 Nc5 39. Rb6+
Ke7 40. a5 Re5 41. f4 Nd3+ 42. Kf3 Ne1+ 43. Kf2 Nd3+ 44. Kg2 Re2+ 45. Kf3 Rxb2
46. Nf5+ Kd7 47. Rd6+ Kc7 48. Rxd5 Ne1+ 49. Ke3 Ng2+ 50. Ke4 Rc2 51. Rc5+ Kd7
52. Ne3 Nxe3 53. Kxe3 Kd6 54. Rxh5 Rxc3+ 55. Kf2 Ke6 56. g4 Rc4 57. Kg3 Rc3+
58. Kh4 Rc4 59. Rh6+ f6 60. Kg3 Rc3+ 61. Kf2 Rc4 62. Ke3 Rc3+ 63. Kd4 Ra3 64.
g5 Ra4+ 65. Ke3 Ra3+ 66. Ke4 Ra4+ 67. Kf3 Ra3+ 68. Kg4 Rxa5 69. Rxf6+ Ke7 70.
Rb6 Kf7 71. f5 Kg7 72. Rb7+ Kg8 73. g6 1-0

[Event "Konik Morski Rewala OPEN A"]
[Site "Rewal"]
[Date "2007.08.21"]
[Round "1.42"]
[White "Jensen, Christine"]
[Black "Budrewicz, Krzysztof"]
[Result "1-0"]
[WhiteElo "2018"]
[BlackElo "2224"]
[PlyCount "43"]
[EventDate "2007.??.??"]

1. d4 Nf6 2. c4 g6 3. f3 Bg7 4. e4 O-O 5. Nc3 d6 6. Be3 c6 7. Qd2 e5 8. Nge2
Nbd7 9. O-O-O a6 10. Bh6 b5 11. Bxg7 Kxg7 12. h4 b4 13. Na4 Qa5 14. b3 d5 15.
Ng3 exd4 16. exd5 cxd5 17. h5 dxc4 18. hxg6 fxg6 19. Qh6+ Kh8 20. Bxc4 Bb7 21.
Rxd4 Rac8 22. Rxd7 1-0

[Event "Konik Morski Rewala OPEN A"]
[Site "Rewal"]
[Date "2007.08.21"]
[Round "1.43"]
[White "Krasenkova, Ilena"]
[Black "Zurkowski, Andrzej"]
[Result "0-1"]
[WhiteElo "2224"]
[BlackElo "2015"]
[PlyCount "108"]
[EventDate "2007.??.??"]

1. d4 c5 2. d5 Nf6 3. c4 b5 4. cxb5 a6 5. f3 axb5 6. e4 Qa5+ 7. Bd2 b4 8. Na3
d6 9. Nc4 Qc7 10. a3 bxa3 11. Nxa3 Na6 12. Bb5+ Bd7 13. Ne2 g6 14. Nc3 Nb4 15.
O-O Bg7 16. Bc6 Rb8 17. Nab5 Qd8 18. e5 Nfxd5 19. Bxd7+ Qxd7 20. exd6 O-O 21.
dxe7 Qxe7 22. Ra7 Qh4 23. Be1 Qh5 24. Bf2 Rbd8 25. Nxd5 Rxd5 26. Qe2 Nd3 27.
Nc3 Nxf2 28. Nxd5 Qxd5 29. Rxf2 Bd4 30. g3 Bxf2+ 31. Kxf2 Rb8 32. Kg2 Qd4 33.
b3 Kg7 34. Ra4 Qd5 35. Qb2+ Kg8 36. b4 c4 37. b5 Rxb5 38. Qa2 c3 39. Qxd5 Rxd5
40. Rc4 Rd2+ 41. Kh3 c2 42. g4 Kf8 43. g5 Ke7 44. Kg3 Kd6 45. Rc8 Ke5 46. h4
Kd4 47. Kf4 Kd3 48. h5 Re2 49. hxg6 hxg6 50. Rc7 Re1 51. Rd7+ Ke2 52. Rxf7
c1=Q+ 53. Ke5 Qxg5+ 54. Ke6 Kf2+ 0-1

[Event "Konik Morski Rewala OPEN A"]
[Site "Rewal"]
[Date "2007.08.21"]
[Round "1.44"]
[White "Wandzik, Wojciech"]
[Black "Christensen, Bo Garner"]
[Result "1-0"]
[WhiteElo "2009"]
[BlackElo "2223"]
[PlyCount "41"]
[EventDate "2007.??.??"]

1. e4 c5 2. Nf3 Nc6 3. d4 cxd4 4. Nxd4 Nf6 5. Nc3 e5 6. Ndb5 d6 7. Bg5 a6 8.
Na3 b5 9. Bxf6 gxf6 10. Nd5 f5 11. Bxb5 axb5 12. Nxb5 Ra7 13. Nxa7 Nxa7 14. c3
Bg7 15. exf5 Bxf5 16. Qf3 Be6 17. Rd1 O-O 18. O-O f5 19. b4 Rf7 20. a4 Qa8 21.
Nf6+ 1-0

[Event "Konik Morski Rewala OPEN A"]
[Site "Rewal"]
[Date "2007.08.21"]
[Round "1.45"]
[White "Gasik, Anna"]
[Black "Krasnodebska, Magdalena"]
[Result "1-0"]
[WhiteElo "2214"]
[BlackElo "1992"]
[PlyCount "141"]
[EventDate "2007.??.??"]

1. c4 e5 2. e3 Nf6 3. Qc2 d5 4. cxd5 Nxd5 5. a3 Be7 6. Nf3 Qd6 7. Be2 Be6 8.
O-O O-O 9. d4 exd4 10. Nxd4 Nc6 11. Nb5 Qd7 12. e4 Nf6 13. Rd1 Qc8 14. Bf4 Bd8
15. N1c3 a6 16. Nd4 Nxd4 17. Rxd4 c5 18. Rd2 Bc7 19. Bg5 Be5 20. Bf3 Qc7 21. g3
h6 22. Be3 b6 23. Nd5 Bxd5 24. exd5 Rad8 25. Rad1 Rd7 26. b4 c4 27. Be2 b5 28.
f4 Bd6 29. Bf3 Re7 30. Bd4 Nd7 31. Re2 Rfe8 32. Rde1 Qd8 33. Bg4 Nb6 34. Qf5
Bc7 35. d6 Rxe2 36. Rxe2 Rxe2 37. Bxe2 Qxd6 38. Bc5 Qd7 39. Qe4 Qe6 40. Bf3
Qxe4 41. Bxe4 Na4 42. Bd4 g6 43. Kf2 a5 44. Bc6 axb4 45. axb4 Nb6 46. Bxb5 Nd5
47. Bc5 c3 48. Ke2 g5 49. fxg5 hxg5 50. Bc6 Nf6 51. Bd4 c2 52. Kd2 Ng4 53. h3
Nh2 54. g4 Kf8 55. Bg2 Ke7 56. Kxc2 Ke6 57. Kd3 f5 58. gxf5+ Kxf5 59. b5 g4 60.
hxg4+ Nxg4 61. b6 Bb8 62. Bh3 Kf4 63. Bxg4 Kxg4 64. Ke4 Bg3 65. b7 Bb8 66. Be5
Ba7 67. Bf4 Kh5 68. Kd5 Kg4 69. Bh2 Kf5 70. Kc6 Ke6 71. Kb5 1-0

[Event "Konik Morski Rewala OPEN A"]
[Site "Rewal"]
[Date "2007.08.21"]
[Round "1.46"]
[White "Czaus, Piotr"]
[Black "Sieciechowicz, Marcin"]
[Result "0-1"]
[WhiteElo "1981"]
[BlackElo "2214"]
[PlyCount "90"]
[EventDate "2007.??.??"]

1. d4 d5 2. c4 c6 3. Nc3 Nf6 4. Nf3 e6 5. e3 Nbd7 6. a3 Bd6 7. Bd3 O-O 8. O-O
Qe7 9. e4 dxe4 10. Bxe4 Nxe4 11. Nxe4 Bc7 12. b4 f5 13. Ng3 e5 14. dxe5 Nxe5
15. Nxe5 Qxe5 16. Ra2 Be6 17. f4 Qf6 18. Rc2 Rad8 19. Qf3 Qd4+ 20. Kh1 Bxc4 21.
Rd2 Qf6 22. Bb2 Qg6 23. Rxd8 Rxd8 24. Re1 Bd5 25. Qf2 Re8 26. Be5 Bb6 27. Qc2
Rf8 28. a4 h5 29. Nf1 Be4 30. Qa2+ Kh7 31. a5 Bd8 32. Qf2 Bh4 33. Ng3 Rd8 34.
Bd4 Bxg3 35. hxg3 h4 36. g4 Qxg4 37. Bxa7 h3 38. Rxe4 hxg2+ 39. Qxg2 Qh4+ 40.
Qh2 Rd1+ 41. Bg1 Qxh2+ 42. Kxh2 fxe4 43. Kg2 Kg6 44. Bc5 Kf5 45. Kf2 Kxf4 0-1

[Event "Konik Morski Rewala OPEN A"]
[Site "Rewal"]
[Date "2007.08.21"]
[Round "1.47"]
[White "Zgadzaj, Rafal"]
[Black "Kotermanska, Anna"]
[Result "1-0"]
[WhiteElo "2212"]
[BlackElo "1980"]
[PlyCount "55"]
[EventDate "2007.??.??"]

1. c4 Nf6 2. Nf3 g6 3. b3 Bg7 4. Bb2 O-O 5. g3 d6 6. d4 c6 7. Bg2 Bg4 8. O-O
Qd7 9. Re1 Re8 10. Nbd2 Na6 11. Rc1 Bh3 12. Bh1 Rac8 13. Qc2 c5 14. d5 Nc7 15.
e4 e5 16. dxe6 Nxe6 17. Rcd1 Nh5 18. e5 Nef4 19. Ne4 Qg4 20. Nxd6 Bg2 21. Bxg2
Nxg2 22. Qe4 Nhf4 23. Nxc8 Nxe1 24. Rxe1 Bh6 25. Nd6 f5 26. Qxb7 Rf8 27. e6 Nd3
28. Qf7+ 1-0

[Event "Konik Morski Rewala OPEN A"]
[Site "Rewal"]
[Date "2007.08.21"]
[Round "1.48"]
[White "Demidowicz, Maria"]
[Black "Krzyzanowski, Marcin"]
[Result "1/2-1/2"]
[WhiteElo "1979"]
[BlackElo "2206"]
[PlyCount "74"]
[EventDate "2007.??.??"]

1. e4 e5 2. Nf3 Nc6 3. Bb5 a6 4. Ba4 Nf6 5. O-O Be7 6. Re1 b5 7. Bb3 O-O 8. h3
d6 9. c3 Na5 10. Bc2 c5 11. d4 Qc7 12. Nbd2 h6 13. Nf1 Re8 14. Ne3 cxd4 15.
cxd4 exd4 16. Nxd4 Bf8 17. Nef5 Nc6 18. Bf4 Nxd4 19. Nxd4 Bb7 20. Qf3 Qb6 21.
Rad1 d5 22. e5 Ne4 23. Nf5 Re6 24. Ng3 Rc8 25. Bb1 Rc4 26. Nxe4 dxe4 27. Bxe4
Rxe4 28. Rxe4 f5 29. Qb3 Qc6 30. Rd6 Qxe4 31. Qxe6+ Kh8 32. f3 Qxf4 33. Rd8 Kh7
34. Rxf8 Qc1+ 35. Kh2 Qf4+ 36. Kg1 Qc1+ 37. Kh2 Qf4+ 1/2-1/2

[Event "Konik Morski Rewala OPEN A"]
[Site "Rewal"]
[Date "2007.08.21"]
[Round "1.50"]
[White "Labedz, Patrycja"]
[Black "Walentukiewicz, Michal"]
[Result "0-1"]
[WhiteElo "1942"]
[BlackElo "2201"]
[PlyCount "64"]
[EventDate "2007.??.??"]

1. e4 g6 2. d4 Bg7 3. Nf3 c5 4. Nc3 cxd4 5. Nxd4 Nc6 6. Be3 Nf6 7. Nxc6 bxc6 8.
e5 Ng8 9. f4 Nh6 10. Bd3 O-O 11. O-O d6 12. Be4 d5 13. Bf3 Rb8 14. b3 Qc7 15.
Na4 Nf5 16. Bf2 f6 17. g4 Nh6 18. exf6 Bxf6 19. Rc1 Nf7 20. Bg3 e5 21. fxe5
Bxe5 22. Bxe5 Qxe5 23. Bg2 Qg5 24. h3 h5 25. gxh5 Bxh3 26. Qf3 Bxg2 27. Qxg2
Qxh5 28. Nc5 Ng5 29. Qg3 Rbe8 30. Nd7 Nf3+ 31. Kg2 Re2+ 32. Rf2 Rxf2+ 0-1

[Event "Konik Morski Rewala OPEN A"]
[Site "Rewal"]
[Date "2007.08.21"]
[Round "1.51"]
[White "Mazurkiewicz, Michal"]
[Black "Dombrowski, Bartosz"]
[Result "1-0"]
[WhiteElo "2199"]
[BlackElo "1942"]
[PlyCount "69"]
[EventDate "2007.??.??"]

1. e4 c5 2. Nf3 d6 3. d4 cxd4 4. Nxd4 Nf6 5. Nc3 a6 6. g3 e5 7. Nde2 Be7 8. Bg2
O-O 9. a4 Be6 10. h3 Qc7 11. O-O Nbd7 12. Be3 Nb6 13. b3 Rfe8 14. g4 h6 15. a5
Nbd7 16. Nd5 Bxd5 17. exd5 Rac8 18. c4 Bf8 19. Ng3 g6 20. Qd2 Nc5 21. Rab1 Kh7
22. b4 Ncd7 23. Rfc1 Qd8 24. Qe2 Be7 25. h4 Ng8 26. h5 Bg5 27. Bxg5 hxg5 28.
hxg6+ fxg6 29. Ne4 Nf8 30. Qe3 Kg7 31. c5 dxc5 32. bxc5 Qxa5 33. Nd6 b5 34.
Nxc8 Rxc8 35. Qxe5+ 1-0

[Event "Konik Morski Rewala OPEN A"]
[Site "Rewal"]
[Date "2007.08.21"]
[Round "1.52"]
[White "Polok, Rafal"]
[Black "Kubit, Tomasz"]
[Result "0-1"]
[WhiteElo "1942"]
[BlackElo "2198"]
[PlyCount "94"]
[EventDate "2007.??.??"]

1. e4 d5 2. exd5 Nf6 3. c4 c6 4. d4 cxd5 5. Bd3 Nc6 6. Ne2 e5 7. dxe5 Nxe5 8.
cxd5 Qxd5 9. Nf4 Nxd3+ 10. Qxd3 Qxd3 11. Nxd3 Bf5 12. Nf4 Bd6 13. O-O O-O 14.
Nc3 a6 15. h3 h6 16. Be3 Be5 17. Nfd5 Nxd5 18. Nxd5 Be6 19. Nc3 b5 20. Rac1
Rfd8 21. b3 Bf5 22. Rfd1 Rxd1+ 23. Nxd1 Rc8 24. Rxc8+ Bxc8 25. Bd2 Kf8 26. Kf1
Ke7 27. Ke2 f5 28. f4 Bd6 29. Nf2 Bb7 30. g3 Ke6 31. Nd3 Be4 32. h4 h5 33. Bc3
g6 34. Ne5 b4 35. Bb2 Bb1 36. Nc4 Bc5 37. Nd2 Bc2 38. Nf3 Kd5 39. Nd2 Bd4 40.
Bc1 Bc3 41. Ke3 Kc5 42. Ke2 a5 43. Ke3 Ba1 44. Ke2 Kd4 45. a3 Kc3 46. axb4 axb4
47. Ke3 Bxb3 0-1

[Event "Konik Morski Rewala OPEN A"]
[Site "Rewal"]
[Date "2007.08.21"]
[Round "1.53"]
[White "Stachanczyk, Jacek"]
[Black "Musialkiewicz, Jan"]
[Result "1-0"]
[WhiteElo "2186"]
[BlackElo "1926"]
[PlyCount "79"]
[EventDate "2007.??.??"]

1. e4 e5 2. Nf3 Nc6 3. Bb5 a6 4. Bxc6 dxc6 5. O-O Bd6 6. d4 exd4 7. Qxd4 f6 8.
Be3 Be6 9. Nbd2 Ne7 10. Qc3 O-O 11. Nc4 b5 12. Na5 Qe8 13. Bc5 Rb8 14. Qb4 Nc8
15. Rfe1 Bxc5 16. Qxc5 Ne7 17. Nd4 Qf7 18. Naxc6 Nxc6 19. Nxc6 Rbe8 20. a4 Bd7
21. axb5 axb5 22. Ra7 Bxc6 23. Qxc6 Re7 24. Qxb5 Rfe8 25. Qc6 f5 26. e5 g5 27.
Qh6 Rxe5 28. Qxg5+ Kh8 29. Rxe5 Rxe5 30. h4 Re8 31. h5 Rg8 32. Qf4 Qd5 33. g3
Qd1+ 34. Kg2 Qd5+ 35. Qf3 Qe5 36. h6 f4 37. Ra8 Qxb2 38. Rxg8+ Kxg8 39. Qg4+
Kf8 40. Qf5+ 1-0

[Event "Konik Morski Rewala OPEN A"]
[Site "Rewal"]
[Date "2007.08.21"]
[Round "1.54"]
[White "Wiewiora, Eneasz"]
[Black "Wozniak, Maciej"]
[Result "0-1"]
[WhiteElo "1911"]
[BlackElo "2180"]
[PlyCount "72"]
[EventDate "2007.??.??"]

1. e4 e5 2. Nf3 Nc6 3. Bc4 Nf6 4. d4 exd4 5. O-O Nxe4 6. Re1 d5 7. Bxd5 Qxd5 8.
Nc3 Qh5 9. Nxe4 Be6 10. Bg5 Bd6 11. c4 Bb4 12. Nxd4 Qxd1 13. Rexd1 Nxd4 14.
Rxd4 f5 15. a3 Bf8 16. Re1 Kf7 17. Nc3 Bc5 18. Rdd1 Rhe8 19. b4 Bf8 20. Bf4 c6
21. c5 a5 22. Ra1 Red8 23. Bc7 Rd3 24. Ne2 g5 25. Bxa5 Bxc5 26. bxc5 Rxa5 27.
h4 h6 28. hxg5 hxg5 29. Rab1 Bc8 30. Ng3 Rxc5 31. Rb2 Rxa3 32. Rbe2 Rca5 33.
Re7+ Kg6 34. Kh2 Ra1 35. R1e6+ Bxe6 36. Rxe6+ Kf7 0-1